Razón poética, un estudio genético de su construcción : (Record no. 184763)

MARC details
000 -LEADER
campo de control de longitud fija 01966nam a2200337 i 4500
001 - NÚMERO DE CONTROL
campo de control 184763
003 - IDENTIFICADOR DE NÚMERO DE CONTROL
campo de control ES-MaACL
005 - FECHA Y HORA DE LA ÚLTIMA TRANSACCIÓN
campo de control 20250920063114.0
008 - DATOS DE LONGITUD FIJA--INFORMACIÓN GENERAL
campo de control de longitud fija 151204s2008 sp m |||| |dspa d
080 ## - NÚMERO DE LA CLASIFICACIÓN DECIMAL UNIVERSAL
Número de la Clasificación Decimal Universal 1 Zambrano, María(043.2)
080 ## - NÚMERO DE LA CLASIFICACIÓN DECIMAL UNIVERSAL
Número de la Clasificación Decimal Universal 821.134.2 Prados, Emilio 1.06(043.2)
100 1# - ENTRADA PRINCIPAL--NOMBRE DE PERSONA
Nombre de persona Berrocal, Alfonso,
Fechas asociadas al nombre 1973-
9 (RLIN) 158295
245 10 - MENCIÓN DEL TÍTULO
Título Razón poética, un estudio genético de su construcción :
Resto del título (la poética de Emilio Prados y el pensamiento de María Zambrano) /
Mención de responsabilidad, etc. autor, Alfonso Berrocal Betés ; director, Dr. José Luis Mora García.
260 ## - PUBLICACIÓN, DISTRIBUCIÓN, ETC.
Lugar de publicación, distribución, etc. Madrid :
Nombre del editor, distribuidor, etc. A. Berrocal :
-- Universidad Autónoma de Madrid, Facultad de Filosofía,
Fecha de publicación, distribución, etc. 2008.
300 ## - DESCRIPCIÓN FÍSICA
Extensión 469, [470-475] p. ;
Dimensiones 30 x 22 cm.
502 ## - NOTA DE TESIS
Nota de tesis Tesis-Universidad Autónoma de Madrid, Facultad de Filosofía, 2008.
504 ## - NOTA DE BIBLIOGRAFÍA, ETC.
Nota de bibliografía, etc. Bibliografía: p. [469-475]
505 8# - NOTA DE CONTENIDO CON FORMATO
Nota de contenido con formato Contiene: 1ª parte. La experiencia literaria de María Zambrano: fuentes poéticas de una pensadora ; 2ª parte. Novela y poesía ; 3ª parte. Filosofía y poesía en Emilio Prados: la razón poética como afinidad entre el poeta y la pensadora
536 ## - NOTA DE INFORMACIÓN SOBRE LA FINANCIACIÓN
Texto de la nota Tesis con ayuda de la Fundación María Zambrano, en 2001
600 14 - PUNTO DE ACCESO ADICIONAL DE MATERIA--NOMBRE DE PERSONA
Nombre de persona Zambrano, María, 1904-1991-
Subdivisión general Crítica e interpretación
9 (RLIN) 117916
600 14 - PUNTO DE ACCESO ADICIONAL DE MATERIA--NOMBRE DE PERSONA
Nombre de persona Prados, Emilio-
Subdivisión general Crítica e interpretación.
9 (RLIN) 93632
650 #7 - PUNTO DE ACCESO ADICIONAL DE MATERIA--TÉRMINO DE MATERIA
Término de materia o nombre geográfico como elemento de entrada Literatura y filosofía
Fuente del encabezamiento o término embne
9 (RLIN) 158296
700 1# - ENTRADA AGREGADA--NOMBRE PERSONAL
Nombre de persona Mora García, José Luis.
9 (RLIN) 139494
710 2# - ENTRADA AGREGADA--NOMBRE DE ENTIDAD CORPORATIVA
Nombre de entidad corporativa o nombre de jurisdicción como elemento de entrada Universidad Autónoma de Madrid.
Unidad subordinada Facultad de Filosofía y Letras.
9 (RLIN) 7070
740 32 - ENTRADA AGREGADA--TÍTULO RELACIONADO/ANALÍTICO NO CONTROLADO
Título relacionado o analítico no controlado La experiencia literaria de María Zambrano : fuentes poéticas de una pensadora.
740 02 - ENTRADA AGREGADA--TÍTULO RELACIONADO/ANALÍTICO NO CONTROLADO
Título relacionado o analítico no controlado Filosofía y poesía en Emilio Prados : la razón poética como afinidad entre el poeta y la pensadora.
852 4# - LOCALIZACIÓN
Ubicación ES-MaACL
Número de control de estantería A-13446
itemnumber 150756
Sublocalización o colección R.150756
Ubicación en estantería Depósito 1
Signatura antigua Olim: N-6446
Donativo/Legado Donación: Alfonso Berrocal
903 ## - NOMBRE PERSONAL DE DONANTE
a Berrocal, Alfonso,
d 1973-
e Donante
9 158295
942 ## - ELEMENTOS DE ENTRADA SECUNDARIOS (KOHA)
Fuente del sistema de clasificación o colocación Clasificación decimal universal
Tipo de ítem Koha Libro impreso
Holdings
Estatus retirado Estado de pérdida Fuente del sistema de clasificación o colocación Estado de daño No para préstamo Biblioteca de origen Biblioteca actual Ubicación en estantería Fecha de adquisición Fuente de adquisición Total de préstamos Signatura topográfica completa Código de barras Visto por última vez Precio de reemplazo Tipo de ítem Koha
    Clasificación decimal universal     Biblioteca del Ateneo de Madrid Biblioteca del Ateneo de Madrid Depósito 1 04/12/2015 Donación   A-13446 1194547 23/02/2023 23/02/2023 Libro impreso